000 00788nam a2200289 a 4500
001 000110505
003 CHAP
005 20220817044639.0
008 140905s2012 mx |r| ||1|||spa d
010 _a106967
011 _a107939
020 _a9786071202741
040 _cCHAP
082 0 4 _a860
_bL43
100 0 0 _aLeal Menchaca, Miguel Angel.
245 1 0 _aAmantes frígidas /
_cpor Miguel Ángel Leal Menchaca.
260 _aChapingo, Méx. :
_bUACH.,
_c2012.
300 _a105 P.
590 _aE5765TAJ
_b05
_c20140905
_lUCH01
_h0922
590 _aE5765TAJ
_b05
_c20140905
_lUCH01
_h0922
590 _aE5765TAJ
_b05
_c20140905
_lUCH01
_h0923
650 1 4 _aCuentos mexicanos.
_930097
650 1 4 _aLiteratura mexicana.
_967138
901 _aBK
942 _cLIBRO
942 _n0
999 _c106967
_d106967